书目信息 |
| 题名: |
混凝剂与絮凝剂
|
|
| 作者: | 姚重华 | |
| 分册: | ||
| 出版信息: | 北京 中国环境科学出版社 1991.03 |
|
| 页数: | 90页 | |
| 开本: | 32开 | |
| 丛书名: | ||
| 单 册: | ||
| 中图分类: | X505 | |
| 科图分类: | ||
| 主题词: | 环境污染 , 环境污染--污染防治 | |
| 电子资源: | ||
| ISBN: | 7-80010-732-9 | |
| 000 | 00567nam0 2200205 45 | |
| 001 | 0006121037 | |
| 005 | 20000612110420.5 | |
| 010 | @a7-80010-732-9@d2.50元 | |
| 100 | @a20000612d1991 km y0chiy0120 ea | |
| 101 | 0 | @achi |
| 105 | @a z 000yy | |
| 200 | 1 | @a混凝剂与絮凝剂@AHun Ning Ji Yu Xu Ning Ji@f姚重华@FYao Zhong Hua |
| 210 | @a北京@c中国环境科学出版社@d1991.03 | |
| 215 | @a90页@d32开 | |
| 606 | 0 | @a环境污染 |
| 606 | 0 | @a环境污染@x污染防治 |
| 690 | @aX505@v3 | |
| 701 | 0 | @a姚重华 |
| 801 | @aCN@bPftUser@c20000612 | |
| 905 | @b204950-952@dX505@eG:295/3@f3 | |
| 混凝剂与絮凝剂/姚重华.-北京:中国环境科学出版社,1991.03 |
| 90页;32开 |
| ISBN 7-80010-732-9:2.50元 |
| ● |
| 相关链接 |
|
|
|
正题名:混凝剂与絮凝剂
索取号:X505/G:295/3
 
预约/预借
| 序号 | 登录号 | 条形码 | 馆藏地/架位号 | 状态 | 备注 |
| 1 | 204950 | 202049504 | 自科库501/501自科库 68排2列5层/ [索取号:X505/G:295/3] | 在馆 | |
| 2 | 204951 | 202049513 | 自科库501/501自科库 68排2列5层/ [索取号:X505/G:295/3] | 在馆 | |
| 3 | 204952 | 202049522 | 自科库501/501自科库 68排2列3层/ [索取号:X505/G:295/3] | 在馆 |